000 00232nam a22000857a 4500
020 _a9780750656474
100 _aPaterson Jane
245 _aTeaching Pilates For postural Faults,Illness and Injury : A Practical
260 _bElsevier
_c2009
999 _c64060
_d64060